| 000 | 00939nac a22002891i 4500 | ||
|---|---|---|---|
| 003 | EG-ScBUE | ||
| 005 | 20250120092829.0 | ||
| 008 | 250120r19931963njub f b 000 0 eng d | ||
| 020 | _a0691059136 | ||
| 020 | _a9780691059136 | ||
| 040 |
_aEG-ScBUE _beng _erda _cEG-ScBUE _dEG-ScBUE |
||
| 082 | 0 | 4 |
_a519.92 _bDAN _222 |
| 100 | 1 |
_aDantzig, George Bernar, _eauthor. |
|
| 245 | 1 | 0 |
_aLinear programming and extensions / _cGeorge B. Dantzig. |
| 250 | _aTenth printing. | ||
| 264 | 1 |
_aPrinceton, N.J., _bPrinceton University Press, _c1993. |
|
| 300 |
_axvi, 625 pages : _bmaps ; _c25 cm. |
||
| 336 |
_2rdacontent _atext _btxt |
||
| 337 |
_aunmediated _2rdamedia _bn |
||
| 338 |
_avolume _bnc _2rdacarrier |
||
| 490 | 0 | _aPrinceton landmarks in mathematics | |
| 504 | _aIncludes bibliographical references. | ||
| 650 | 7 |
_aLinear programming. _2BUEsh |
|
| 650 | 7 |
_aMathematical models. _2BUEsh |
|
| 655 | _vReading book | ||
| 942 |
_cBB _2ddc |
||
| 999 |
_c9595 _d9595 |
||